| 000 | 00331nam a22001337a 4500 | ||
|---|---|---|---|
| 003 | NUST | ||
| 038 | _awaseem | ||
| 082 |
_a891.4391 _bAAS |
||
| 100 |
_aAasi, Muhammad Yaqub _926328 |
||
| 245 |
_aAinay Se Mukalma/ _cMuhammad Yaqub Aasi |
||
| 260 |
_aRawalpindi : _bAwaz Publications, _c2019. |
||
| 300 | _a160 p. ; | ||
| 942 |
_2ddc _cBK |
||
| 999 |
_c532748 _d532748 |
||